skbl

Dr Suryya Kumar Bhuyan Library Web-OPAC
ডঃ সূৰ্য্য
কুমাৰ ভূঞা পুথিভঁৰাল ৱেব-অ'পেক

All Research Scholars are advised to clear the annual library fees to continue using Library Resources, Remote Access, Plagiarism Test and Library Clearance.

Cotton University Book Fair 2026

Gajendra Ke Upanyanson Ka Anushilan (Record no. 59950)

MARC details
000 -LEADER
fixed length control field 00489nam a2200181Ia 4500
001 - CONTROL NUMBER
control field 60076
008 - FIXED-LENGTH DATA ELEMENTS--GENERAL INFORMATION
fixed length control field 160728n ii |||gr||||Z||||||807
020 ## - INTERNATIONAL STANDARD BOOK NUMBER
International Standard Book Number 978-81-906493-2-2
041 ## - LANGUAGE CODE
Language code of text/sound track or separate title 807
082 ## - DEWEY DECIMAL CLASSIFICATION NUMBER
Classification number 891.43309
100 ## - MAIN ENTRY--PERSONAL NAME
Personal name .Surve,
Relator term Vasant Dadu .,
245 #0 - TITLE STATEMENT
Title Gajendra Ke Upanyanson Ka Anushilan
Statement of responsibility, etc. Dr.Vasant Dadu Surve
Medium Textual Documents
260 ## - PUBLICATION, DISTRIBUTION, ETC.
Place of publication, distribution, etc. Kanpur:
Name of publisher, distributor, etc. Sahitya Sagar.
300 ## - PHYSICAL DESCRIPTION
Extent 152p:
Dimensions 23cm.
653 ## - INDEX TERM--UNCONTROLLED
Uncontrolled term Hindi Literature
653 ## - INDEX TERM--UNCONTROLLED
Uncontrolled term G - Hindi
942 ## - ADDED ENTRY ELEMENTS (KOHA)
Source of classification or shelving scheme Dewey Decimal Classification
Koha item type Books
Holdings
Withdrawn status Lost status Damaged status Not for loan Collection Home library Current library Shelving location Date acquired Source of acquisition Coded location qualifier Cost, normal purchase price Total checkouts Full call number Barcode Date due Date last seen Date last checked out Copy number Price effective from Koha item type Public note
          Dr. Suryya Kumar Bhuyan Library Dr. Suryya Kumar Bhuyan Library   28/07/2016 32 00000 225.00 1 891.43309 Su79Ja 1425/Hindi 23/05/2025 30/04/2025 30/04/2025 1 28/07/2016 Books 32

Designed and Maintained by Team SKBL
©1901-2026

Powered by Koha